Sports Quiz

Random Sports or NCAA Quiz

NCAA Heisman Winner & National Champ Same Year Quiz Stats

 Plays Quiz not verified by Sporcle

Score 0/16 Timer 05:00
0 Plays Today
% Correct
Cam Newton
96.4%
Jameis Winston
90.4%
Derrick Henry
82.7%
Charles Woodson
81.8%
Mark Ingram
80.7%
Matt Leinart
75.9%
Tony Dorsett
49.3%
Charlie Ward
45.6%
% Correct
Danny Wuerffel
37.6%
Doc Blanchard
13.2%
Johnny Lujack
8.8%
Davey O'Brien
8.7%
John Huarte
8.1%
Leon Hart
5.7%
Angelo Bertelli
4.9%
Bruce Smith
4.7%

You're not logged in!

Compare scores with friends on all Sporcle quizzes.
OR
Log In

Show Comments

Extras

Top Quizzes Today


Score Distribution

Your Account Isn't Verified!

In order to create a playlist on Sporcle, you need to verify the email address you used during registration. Go to your Sporcle Settings to finish the process.

Report this User

Report this user for behavior that violates our Community Guidelines.

Details: